000 00689nam a2200205 a 4500
005 20240210063842.0
008 021113s2000 mx r 000 0 spa d
035 _aUPN01000120995
049 _aCG
050 4 _aT58.64
_bS8.68 2000
100 1 _aStair, Ralph M.,
_d1945-
_936003
245 1 0 _aPrincipios de sistemas de información :
_benfoque administrativo /
_cRalph M. Stair, George W. Reynolds ; tr. Julio Coro Pando.
250 _a4a ed.
260 _aMéxico :
_bInternational Thomson,
_cc2000.
300 _axxviii, 692 p. :
_bil.,
440 0 _aCiencias
650 4 _aAdministración de sistemas de información
_9494
700 1 _aReynolds, George W.,
_ecoaut.
905 _aLibro
999 _c93311
_d93311